| 000 | 02567nam a22003737a 4500 | ||
|---|---|---|---|
| 003 | NALT | ||
| 005 | 20240429102036.0 | ||
| 008 | 240311b th ||||| |||| 00| 0 tha d | ||
| 020 | _a9786164342316 | ||
| 040 | _aNALT | ||
| 041 | 1 |
_atha _heng |
|
| 050 |
_aE 840.8.B54 _bบ969ส 2563 |
||
| 100 | 1 |
_aไบเดน, โจ _963315 |
|
| 245 | 1 | 0 |
_aสัญญากับผมนะครับพ่อ : _bPromise Me, Dad / _cโจ ไบเดน, เขียน ; กุลธิดา บุณยะกุล-ดันนากิ้น, แปล. |
| 246 | 3 | 1 | _aPromise Me, Dad. |
| 246 | 1 | 8 |
_aPromise me, Dad : _ba year of hope, hardship, and purpose. |
| 260 |
_aกรุงเทพฯ : _bแอร์โรว์, _c2563. |
||
| 300 |
_a283 หน้า ; _c21 ซม. |
||
| 505 | 0 | _aวันขอบคุณพระเจ้าของครอบครัวไบเดน -- มีจุดมุ่งหมาย -- เครื่องปลอบใจ -- ความไว้วางใจ -- คงยุ่งกับงาน -- มันต้องเป็นคุณ -- ความเสี่ยงที่คำนวณไว้แล้ว -- ฐานที่มั่น -- คุณต้องบอกความจริงกับพวกเขา -- คุณอยู่ได้ไหม -- ลงแข่ง โจ ลงแข่ง. | |
| 600 | 1 | 4 |
_aไบเดน, โจ _xชีวประวัติ _963390 |
| 600 | 1 | 4 |
_aไบเดน, โบ _xชีวประวัติ _963404 |
| 650 | 4 |
_aประธานาธิบดี _zสหรัฐอเมริกา _xชีวประวัติ _924312 |
|
| 650 | 4 |
_aรองประธานาธิบดี _zสหรัฐอเมริกา _xชีวประวัติ _963405 |
|
| 651 | 4 |
_aประธานาธิบดี _zสหรัฐอเมริกา _xการเลือกตั้ง _y2559 _963406 |
|
| 651 | 4 |
_aสหรัฐอเมริกา _xการเมืองและการปกครอง _y2552-2560 _963407 |
|
| 700 | 1 |
_aBiden, Joseph _963385 |
|
| 700 | 1 |
_aBiden, Joseph R., _cJr. _963403 |
|
| 700 | 0 |
_aกุลธิดา บุณยะกุล-ดันนากิ้น _912574 |
|
| 942 |
_cGB _2lcc |
||
| 996 |
_achunbijaya.r _bCATSTF _c2024-03-11 |
||
| 996 |
_asaiphon.d _bCATSTF _c2024-03-15 |
||
| 999 |
_c104849 _d104849 |
||
| 998 |
_j8 _k นายบัณฑิต อุทาวงค์ |
||